Easy General Knowledge 2 - Statistics

General Stats
  • This quiz has been taken 4,296 times
  • The average score is 6 of 15
Answer Stats
Hint Answer % Correct
What is the first book of the Bible? Genesis
73%
What is the largest organ? Skin
65%
What is the main religion in Indonesia? Islam
55%
Main Character in the Hunger Games Katness
51%
What TV show is a father telling a story to his kids? How I Met Your Mother
48%
What Canal is between Egypt and the Arabian Peninsula? Suez Canal
46%
He has 99 problems but a B*tch Ain't 1 Jay-Z
44%
A squared + B squared = C squared... what theorem is this? Pythagorean Theorem
36%
What is divided at the 38th parallel North and South Korea
35%
What country did the Chinese Nationalists flee to after the Chinese Civil War? Taiwan
33%
Who used to be live with Kelly? Regis
29%
C6_H12_O6 is the formula for what? Glucose
26%
What is the name of the Handi-Cap Cop in Family Guy? Joe
25%
Kevin Durant play for what team? Oklahoma City Thunder
19%
What was Bangladesh formerly called? East Pakistan
15%
No matching quizzes found
Score Distribution
Percent of People with Each Score
Percentile by Number Answered
Your Score History
You have not taken this quiz